Football : Équipe de France liste coupe du monde 2014 - Statistiques

Statistiques générales
  • Ce quiz a été pris 207 fois
  • Le résultat moyen est 17 sur 23
Statistiques - réponses
Club Poste Joueur % Correct
Tottenham Gardien Lloris
99%
Real Madrid Attaquant de pointe Benzema
95%
Arsenal Attaquant de pointe Giroud
93%
Real Madrid Défenseur central Varane
92%
Real Sociedad Milieu offensif Griezmann
91%
Juventus Milieu Pogba
91%
ASSE Gardien Ruffier
91%
Manchester United Latéral gauche Evra
85%
PSG Milieu Matuidi
82%
Arsenal Défenseur central Koscielny
78%
PSG Milieu Cabaye
75%
Arsenal Latéral droit Sagna
74%
Liverpool Défenseur central Sakho
70%
OM Milieu offensif Valbuena
68%
PSG Latéral gauche Digne
61%
Newcastle Latéral droit Debuchy
57%
Bastia Gardien Landreau
56%
Southampton Milieu Schneiderlin
56%
Montpellier Milieu offensif Cabella
54%
Porto Défenseur central Mangala
54%
Newcastle Milieu Sissoko
51%
LOSC Milieu défensif Mavuba
46%
Newcastle Attaquant de pointe Rémy
42%
Aucun quiz correspondant
Distribution des résultats
% des personnes avec chaque résultat
Percentile par nombre de réponses
Votre historique - résultats
Vous n’avez pas pris ce quiz